| 000 | 01241cam a2200361 i 4500 | ||
|---|---|---|---|
| 001 | 4289 | ||
| 003 | FISKH | ||
| 005 | 20250819082530.0 | ||
| 008 | 130325s2014 nyuab j b 001 0 eng c | ||
| 010 | _a 2013000092 | ||
| 020 | _a9780531233566 (library binding) | ||
| 020 | _a0531233561 (library binding) | ||
| 020 | _a9780531251546 (pbk.) | ||
| 020 | _a0531251543 (pbk.) | ||
| 040 |
_aNJQ/DLC _beng _erda _cNJQ |
||
| 050 | 0 | 0 | _aQL737.C22 |
| 082 | 0 | 4 | _a599.77/25 |
| 100 | 1 | _aZeiger, Jennifer. | |
| 245 | 1 | 0 |
_aCoyotes / _cby Jennifer Zeiger. |
| 260 |
_aNew York : _bScholastic, _c2014. |
||
| 300 |
_a48 pages : _bcolor illustrations, color map ; _c22 cm. |
||
| 336 |
_atext _btxt _2rdacontent |
||
| 337 |
_aunmediated _bn _2rdamedia |
||
| 338 |
_avolume _bnc _2rdacarrier |
||
| 490 | 1 | _aNature's children | |
| 504 | _aIncludes bibliographical references and index. | ||
| 505 | 0 | _aWily coyotes -- A master adapter -- Part of the pack -- Canines past and present -- Adjusting to new neighbors. | |
| 520 |
_a"This book details the life and habits of coyotes."-- _cProvided by publisher. |
||
| 650 | 0 |
_aCoyote _vJuvenile literature. |
|
| 906 |
_a7 _bcbc _corignew _d1 _eecip _f20 _gy-gencatlg |
||
| 942 |
_2ddc _cBK _n0 |
||
| 999 |
_c4289 _d4289 |
||